Trnava municipalities - Statistics

General Stats
  • This quiz has been taken 21 times
  • The average score is 58 of 412
Answers on the Map
Answers color-coded by a green-red scale on the quiz's map according to % correct below.
 
Answer Stats
Answer % Correct
Skalica
100%
DunajskaStreda
83%
Hlohovec
83%
Senica
83%
Smolenice
83%
Trnava
83%
Boleraz
67%
Bukova
67%
Galanta
67%
Gbely
67%
Holic
67%
Jablonica
67%
JaslovskeBohunice
67%
Leopoldov
67%
Piestany
67%
samorin
67%
Sered
67%
Sladkovicovo
67%
VelkyMeder
67%
Zelenec
67%
Abraham
50%
BielyKostol
50%
Binovce
50%
BohdanovcenadTrnavou
50%
Cifer
50%
DolneOresany
50%
HorneOresany
50%
HrnciarovcenadParnou
50%
Kuty
50%
MalaMaca
50%
OrechovaPoton
50%
PopudinskeMocidlany
50%
Radimov
50%
Ruzindol
50%
sastin-Straze
50%
selpice
50%
sintava
50%
spacince
50%
Trstin
50%
VelkaMaca
50%
Voderady
50%
Vrbove
50%
Zavar
50%
Baka
33%
Brestovany
33%
BrezovapodBradlom
33%
Brodske
33%
Bucany
33%
cary
33%
Cerova
33%
Chtelnica
33%
Dechtice
33%
DolnaKrupa
33%
DolnaStreda
33%
DolneDubove
33%
DolnyBar
33%
Gabcikovo
33%
Gajary
33%
Gan
33%
HornaKrupa
33%
HornaStreda
33%
HorneDubove
33%
HornyBar
33%
Hoste
33%
Hviezdoslavov
33%
Jelka
33%
Katov
33%
Kopcany
33%
Kuklov
33%
Kvetoslavov
33%
Majcichov
33%
Medvedov
33%
MokryHaj
33%
MoravskySvatyJan
33%
Myjava
33%
Opoj
33%
Pata
33%
Prietrz
33%
Prietrzka
33%
Pusteulany
33%
sala
33%
Sekule
33%
SlovenskaNovaVes
33%
soporna
33%
stvrtoknaOstrove
33%
SuchanadParnou
33%
Trebatice
33%
Unin
33%
VojkanadDunajom
33%
Vradiste
33%
ZlateKlasy
33%
Aleksince
17%
Bac
17%
Bahon
17%
Banka
17%
BlatnanaOstrove
17%
Bodiky
17%
Borova
17%
BorskyMikulas
17%
BorskySvatyJur
17%
Budmerice
17%
cab
17%
Cabaj-capor
17%
cervenik
17%
Chropov
17%
cicov
17%
ciernyBrod
17%
cilizskaRadvan
17%
DedinaMladeze
17%
DobraVoda
17%
Dobrohost
17%
DolneLovcice
17%
Dolnystal
17%
Drahovce
17%
Drietoma
17%
Dubovce
17%
Hlboke
17%
HornaPoton
17%
Kocin-Lancar
17%
Kolarovo
17%
Komoca
17%
Kovalov
17%
Kovalovec
17%
Krakovany
17%
KrizovanynadDudvahom
17%
Lehnice
17%
Lehota
17%
Letnicie
17%
Lopasov
17%
Losonec
17%
LucnaOstrove
17%
Luzianky
17%
Mad
17%
Madunice
17%
Malacky
17%
MaleLevare
17%
Malzenice
17%
Matuskovo
17%
MichalnaOstrove
17%
Mocenok
17%
Modra
17%
Mostova
17%
Nahac
17%
narad
17%
Neded
17%
Nizna
17%
NoveZamky
17%
NovySvet
17%
Novyzivot
17%
Okoc
17%
Oreske
17%
Patas
17%
Pavlice
17%
PetrovaVes
17%
PlaveckyPeter
17%
PusteSady
17%
Radosovce
17%
Risnovce
17%
sajdikoveHumence
17%
salgocka
17%
Sap
17%
Senec
17%
Sobotiste
17%
stefanov
17%
Stupava
17%
surovce
17%
SvatyJur
17%
Tomasikovo
17%
Tomasov
17%
Topolnica
17%
Topolniky
17%
Trakovice
17%
Travnik
17%
Trnovec
17%
Trstice
17%
VelkaPaka
17%
VelkeBlahovo
17%
VelkeLevare
17%
Velkeulany
17%
Vesele
17%
VinohradynadVahom
17%
Vlcany
17%
Vlckovce
17%
Vrakun
17%
Zbehy
17%
ZemianskeSady
17%
Zemne
17%
ziharec
17%
Zvoncin
17%
AdamovskeKochanovce
0%
Andovce
0%
Ardanovce
0%
Balon
0%
Basovce
0%
Beckov
0%
BellovaVes
0%
BilkoveHumence
0%
Blahova
0%
Blatne
0%
Blesovce
0%
Bodza
0%
BodzianskeLuky
0%
Bohelov
0%
Bojna
0%
Bojnicky
0%
Boldog
0%
Borovce
0%
Bosaca
0%
Bratislava-cunovo
0%
Bratislava-Devin
0%
Bratislava-DevinskaNovaVes
0%
Bratislava-KarlovaVes
0%
Bratislava-NoveMesto
0%
Bratislava-PodunajskeBiskupice
0%
Bratislava-Raca
0%
Bratislava-StareMesto
0%
Bratislava-Vajnory
0%
Brunovce
0%
cakajovce
0%
cakany
0%
castkov
0%
castkovce
0%
cataj
0%
cenkovce
0%
cermany
0%
Chocholna-Velcice
0%
ChorvatskyGrob
0%
ciernaVoda
0%
Diakovce
0%
Dlha
0%
Dojc
0%
DolnaSuca
0%
DolneOtrokovce
0%
DolneSaliby
0%
DolneTrhoviste
0%
DolneZelenice
0%
DolnyChotar
0%
DolnyLopasov
0%
Dubova
0%
Dubovany
0%
Ducove
0%
DunajskaLuzna
0%
DunajskyKlatov
0%
Dvorniky
0%
g2750
0%
g2810
0%
g376
0%
g504
0%
g80
0%
HajnaNovaVes
0%
Haluzice
0%
Hamuliakovo
0%
Holiare
0%
Holice
0%
HorkanadVahom
0%
HornaKralova
0%
HornaSuca
0%
HorneMyto
0%
HorneObdokovce
0%
HorneOtrokovce
0%
HorneSaliby
0%
Hornestitare
0%
HorneTrhoviste
0%
HorneZelenice
0%
Hrachoviste
0%
HradistepodVratnom
0%
HrubaBorsa
0%
Hrubonovo
0%
Hubice
0%
Hubina
0%
Igram
0%
Imel
0%
Jahodna
0%
Jalsove
0%
Janiky
0%
Janovce
0%
Jarok
0%
Jatov
0%
Jelsovce
0%
Jurova
0%
Kajal
0%
Kalinkovo
0%
Kalnica
0%
Kapince
0%
Kaplna
0%
Katlovce
0%
Klacany
0%
Klucovec
0%
Komarno
0%
Koplotovce
0%
Kosariska
0%
Kosolna
0%
KostolnapriDunaji
0%
Kostolna-Zariecie
0%
KostolneKracany
0%
Kosuty
0%
Krajne
0%
KralovapriSenci
0%
KralovBrod
0%
KralovicoveKracany
0%
Krivosud-Bodovka
0%
Kuchyna
0%
Kutniky
0%
Kyselica
0%
LaksarskaNovaVes
0%
layer3
0%
Lipove
0%
Lipovnik
0%
Luka
0%
Lukacovce
0%
Macov
0%
MaleDvorniky
0%
MaleZaluzie
0%
Martovce
0%
Melcice-Lieskove
0%
Merasice
0%
Mierovo
0%
Modrova
0%
Mojmirovce
0%
MoravanynadVahom
0%
MostpriBratislave
0%
Nesvady
0%
Nitra
0%
NitrianskaBlatnica
0%
NovaBosaca
0%
NovaDedinka
0%
NovaLehota
0%
NoveSady
0%
Ohrady
0%
Oldza
0%
Opatovce
0%
Ostrov
0%
Osuske
0%
Padan
0%
Palarikovo
0%
Pastuchov
0%
Pecenady
0%
Pobedim
0%
Podbranc
0%
Podhradie
0%
Podkylava
0%
Podolie
0%
PolnyKesov
0%
PotonskeLuky
0%
Povoda
0%
Prasnik
0%
Priepasne
0%
Prievaly
0%
Radosina
0%
Rakovice
0%
Rastislavice
0%
Ratkovce
0%
Ratnovce
0%
Reca
0%
Rohov
0%
Rohovce
0%
Rohoznik
0%
Rovensko
0%
Rovinka
0%
Rybky
0%
salgovce
0%
Sasinkovo
0%
Selec
0%
Selice
0%
Siladice
0%
sipkove
0%
Smolinske
0%
Smrdaky
0%
Sokolce
0%
Sokolovce
0%
StaraLehota
0%
stefanovicova
0%
sterusy
0%
surianky
0%
Svatoplukovo
0%
SvatyPeter
0%
Tekoldany
0%
Teplicky
0%
Tesare
0%
Tesedikovo
0%
Ton
0%
TrencianskeStankovce
0%
Trencin
0%
TrhovaHradska
0%
Trnavka
0%
TrnovecnadVahom
0%
TrstenanaOstrove
0%
Turen
0%
Tvrdosovce
0%
Vahovce
0%
VelkaDolina
0%
VelkeBierovce
0%
VelkeDvorany
0%
VelkeDvorniky
0%
VelkeKostolany
0%
VelkeOrviste
0%
VelkeRipnany
0%
VelkeZaluzie
0%
VelkyBiel
0%
VelkyGrob
0%
Vistuk
0%
Vozokany
0%
VrbovanadVahom
0%
Vrbovce
0%
Vydrany
0%
VysokapriMorave
0%
ZahorskaVes
0%
Zavada
0%
ZemianskaOlca
0%
ZemianskePodhradie
0%
Zlatniky
0%
zlkovce
0%
No matching quizzes found
Score Distribution
Percent of People with Each Score
Percentile by Number Answered
Your Score History
You have not taken this quiz